Inverclyde line stations - Statistics

General Stats
  • This quiz has been taken 25 times
  • The average score is 16 of 21
Answer Stats
Answer % Correct
Gourock
100%
Wemyss Bay
100%
Greenock Central
94%
Greenock West
94%
Glasgow Central
88%
Port Glasgow
88%
Langbank
82%
Paisley Gilmour Street
82%
Paisley St James
82%
Cardonald
76%
Hillington East
76%
Hillington West
76%
Bishopton
71%
Branchton
71%
Cartsdyke
71%
Fort Matilda
71%
Inverkip
71%
Bogston
65%
Drumfrochar
59%
Woodhall
59%
Whinhill
53%
No matching quizzes found
Score Distribution
Percent of People with Each Score
Percentile by Number Answered
Your Score History
You have not taken this quiz